| 000 | 00637nam a2200229Ia 4500 | ||
|---|---|---|---|
| 003 | OSt | ||
| 005 | 20220924143302.0 | ||
| 006 | a|||||r|||| 00| 0 | ||
| 007 | ta | ||
| 008 | 220923b |||||||| |||| 00| 0 urd d | ||
| 024 | _a307576 | ||
| 037 | _cTextual | ||
| 040 |
_aARTS _cARTS _burd |
||
| 041 |
_2urd _aurd |
||
| 082 | _aw225,N32, 168M3 | ||
| 100 |
_aBeg Mirza Ali Akbar _9215285 |
||
| 245 | 0 |
_aKhushnafsan _b Hyderabad ki chand adbi aur samji shakhsiyaton ka taaruf |
|
| 260 | _c1983 | ||
| 650 | _aURDU LITERATURE | ||
| 942 |
_hw225,N32, 168M3 _cTEXL _2CC |
||
| 999 |
_c453906 _d453906 |
||